000 00693nam a2200229 u 4500
005 20240316063859.0
008 080513s2006 r 000 0 eng d
020 _a9789876020046
035 _aUPN01000155864
049 _aI
050 4 _aPZ71
_bC7.6 2006
100 1 _aComino, Sandra,
_d1964-
_934111
245 1 3 _aEl pueblo de mala muerte :
_bcuentos /
_cSandra Comino ; il. Mónica Weiss.
250 _a2a ed.
260 _aCórdoba, Arg. :
_bComunicarte,
_c2006.
300 _a63 p. :
_bil.
440 0 _aJuvenil ;
_v3.
_pVeinte escalones
650 4 _aCuentos infantiles
_96744
650 2 _aCuentos de aventuras
_99134
905 _aInfantil
999 _c127978
_d127978